00333nam a22001457a 4500003000400000008004100004020001800045082001400063100001800077245002400095250001100119260002500130300000800155650002400163OSt250418b |||||||| |||| 00| 0 eng d a9789365893755 a005.8 PAC aPALIT,Debrupa aCybersecurity Today a1st Ed aNew DelhibBPBc2025 a286 aCybersecurity Today